Word Unscrambles - Easy - Statistics

General Stats
  • This quiz has been taken 1,301 times
  • The average score is 7 of 9
Answer Stats
Hint Answer % Correct
ablet Table
96%
nowk Know
93%
kaem Make
93%
setl Lets
90%
ebyam Maybe
86%
leba Able
85%
rightla Alright
62%
atesst States
56%
edafil Failed
32%
No matching quizzes found
Score Distribution
Percent of People with Each Score
Percentile by Number Answered
Your Score History
You have not taken this quiz